00528nam a2200193 a 450000500170000000800410001704100080005804400080006610000220007424500460009626000580014230000110020065000100021165000120022165000240023365000250025765000330028270000190031520180803165043.0140307b2000 miu||||| |||| 00| 0 eng d aeng axxu aSkog, Laurence E. aRevisión of Gasteranthus (Gesneriaceae) aMichiganbAmerican Society of Plant Taxonomistsc2000 a118 p. aFlora aPlantas aTaxonomía vegetal aClaves taxonómicas aIdentificación de especies aKvist, Lars P.